000 00530nam a2200145 a 4500
008 080109s1983 ||||||||||||||||| || u
020 _a0070102341
050 _aTK 146 Cat
100 _aCathey, Jimmie J
245 1 0 _aSchaum's Outline of theory and problems of basic electrical engineering
260 _aNew York
_bMcGraw-Hill
_c1983
300 _a(6), 298p. : ill
350 _a0.00
995 _D0.00
_FCBU-MAIN LIBRARY (Kitwe)
_H1
_I7.50
_UDAMAGED
_ZMain Library Open Access Collection
999 _c57013
_d57013